000 00509nam a2200181 a 4500
001 000036232
005 20200930075628.0
008 120111s2000 es 000 0 spa d
020 _a8478885641
040 _aDO-SdBNP
_bspa
_cBNPHU
100 1 _aMaas, Sharon
_962310
240 1 3 _aOf marriageable age
_lEspañol
245 1 3 _aEn edad de merecer /
_cSharon Maas.
260 _aBarcelona,
_c2000.
300 _a603 p. ;
_c22 cm.
500 _aTraducido del idioma inglés
700 1 _aGorin, Jorge
_etr.
_962311
999 _c35723
_d35723